000 00509nam a22001937a 4500
003 MPLRDC
005 20220104114031.0
008 210129b ||||| |||| 00| 0 eng d
020 _a957-32-0001-5
082 _a784.28 BET
100 _aROMAIN RPLLAND
245 _a永不屈服的灵魂: 贝多芬传
_c傅雷译
250 _a初版一刷
260 _a台湾
_b远流出版事业股份有限
_c1990
300 _b183
490 _a励志馆. 7
650 _a贝多芬传记
942 _cBK
_o784.28 BET
999 _c4287
_d4277